Breve corso di nozioni varie per le scuole elementari : in conformità dei programmi governativi 29 novembre 1894. Parte 5. : per la quinta classe. Seconda edizione migliorata ed accresciuta

Guardado en:
Detalles Bibliográficos
Autor principal: Ponzani, Teodorico C.
Formato: Libro
Lenguaje:italiano
Publicado: Torino Stamp. Reale della ditta G. B. Paravia e C. Edit. 1897
Catálogo:EDISCO:  Resultados de Búsqueda del Catálogo
Clasificación de libros de texto:
Etiquetas: Agregar Etiqueta
Sin Etiquetas, Sea el primero en etiquetar este registro!
Añadido a:2016-04-30
Cambiado en:2017-10-04

MARC

LEADER 00000aam a22000005 4500
001 14377
003 OSt
005 20171004085601.0
008 160501s1897 it 000 0 ita
040 |c Elena Facco - Padova - CUBI 
041 1 |a ita 
100 1 |a Ponzani, Teodorico C. 
245 0 0 |a Breve corso di nozioni varie per le scuole elementari : in conformità dei programmi governativi 29 novembre 1894. Parte 5. : per la quinta classe. Seconda edizione migliorata ed accresciuta 
260 |a Torino  |b Stamp. Reale della ditta G. B. Paravia e C. Edit.  |c 1897 
300 |a 72 p.: ill, 5/5 ;   |c in 16° 
510 3 |a CENT. 60 
901 |a 5 
942 |2 ddc  |c BK 
546 |a ita 
999 |c 14366  |d 14366 
999 |c edisco:14366  |d 14366